000 00674nam a2200229Ia 4500
008 160418s9999 xx 000 0 und d
020 _a971-08-4209-9
050 _aFIL PL 6061
050 _b.S26 2011 c.1
100 _aSantiago, Erlinda Mariano
245 _aAng Sining ng pakikipagtalastasan sa kolehiyo /
245 _cErlinda Mariano Santiago, Evelina Tulio Inocencio.
250 _aBinagong Edisyon
260 _aMandaluyong:
260 _bNational Book Store.
260 _c2011
300 _a208 pages :
300 _billustrations ;
300 _c22 cm.
500 _aIncludes bibliographical references.
650 _aFilipino language -- Rhetoric.
999 _c293515
_d293515